000 00970ngm a22002770a 4500
001 PT32192
003 AR-LpoUNG
005 20210202000431.0
007 vd cvaizq
008 191001s1968||||ag |||||||||||||||||spa d
040 _aAR-LpoUNG
_bspa
_cAR-LpoUNG
_eaacr
041 _aspa
044 _aag
082 0 _a302.54 973fia
100 1 _aAyala, Fernando
_edir.
245 1 3 _aLa fiaca
260 _aBuenos Aires :
_bPerfil,
_c1968.
300 _aDVD (95 min.) : son., col.
520 _aUn prototípico empleado de oficina decide un día rebelarse frente a su rutina y no va a trabajar porque tiene "fiaca". Su familia, sus amigos y sus empleadores intentan disuadirlo sin éxito al principio. Pero a medida que el tiempo pasa su situación se complica afectiva y económicamente. Estas circunstancias frustran su rebeldía.
650 4 _aARGENTINA
653 _aCINE ARGENTINO
653 _aDVD
653 _aVIDEOS
905 _a32192
942 _cDVD
999 _c54839
_d54839